000 00507nam a2200181 a 4500
001 11044
005 20180713195155.0
008 140415s1979 mx 000 0 spa d
041 _aspa
082 _a335.423
_bBAL
100 1 _aBALIBAR, ETIENNE
245 1 0 _aSOBRE LA DICTADURA DEL PROLETARIADO
250 _a3A ED.
260 _aMEXICO :
_bSIGLO VEINTIUNO EDITORES,
_c1979
300 _a320
650 1 4 _aDICTADURA DEL PROLETARIADO
_xSOCIALISMO
700 1 _aCORDERO, MA. JOSEFA
_etr.
999 _c11044
_d11044